000 00563nam a2200193Ia 4500
005 20250508152137.0
008 008 250505s9999 xx 000 0 eng d
037 _aTextual
040 _aFEDL
_beng
_cFEDL
041 _aeng
_2eng
084 _a155.5, STR
_qFEDL
100 _aStrang Routh
_9760859
245 0 _aAdolescent views himself: A psychology of adolescence
260 _aNew York, USA
_bMcGraw Hill Book Company
_c1957
300 _axiv,581p
650 _aChild psychology
942 _cTEXL
_h155.5, STR
999 _c1334546
_d1334546